Culture Générale - Série 2098 - Statistiques

Statistiques générales
  • Ce quiz a été pris 100 fois
  • Le résultat moyen est 5 sur 10
Statistiques - réponses
Question Réponse % Correct
Quel roi de France était communément appelé "Saint Louis" ? Louis IX
81%
Quel est l’impératif du verbe feindre à la deuxième personne du pluriel à l’impératif ? feignez
76%
Quel philosophe a été le précepteur d'Alexandre le Grand ? Aristote
66%
Au cours de la seconde guerre mondiale, qui était surnommé "le Renard du désert " ? Erwin Rommel
62%
Comment appelle-t-on deux mots qui se prononcent de la même manière ou qui s’écrivent de la même manière tout en ayant un sens différents ? homonymes
60%
Quel était le nom du cheval d'Alexandre le Grand ? Bucéphale
53%
On doit les paroles du « chant des partisans » à Joseph Kessel et à … Maurice Druon
34%
Au cours de la seconde guerre mondiale, comment s'appelait le bombardier allemand en piqué ? stuka
19%
Titien a peint en 1538 "La Vénus d'.... voir photo Urbino
11%
Dans le roman "Julie ou la Nouvelle Héloïse" de Jean-Jacques Rousseau, quel nom porte l'amant de Julie ? Saint Preux
6%
Aucun quiz correspondant
Distribution des résultats
% des personnes avec chaque résultat
Percentile par nombre de réponses
Votre historique - résultats
Vous n’avez pas pris ce quiz